00482 a2200157 4500999001900000001000600019003000500025082001700030100002200047245004900069260004100118300001100159740002000170942003600190952009800226 c324317d32431789244NUST a891.4392 UMA aUmaira Ahmed9743 aEid plays=chand say pehlyhUrducumera ahmed aLahorebIlm-o-Irfan Publishersc2012 a144 p. achand say pehle aCAE NUSTcBKk891.4392 UMA2ddc 001040708NFICaCAEbCAEd2017-04-03l0o891.4392 UMApCAE86676r2017-04-05w2017-04-05yBK